000 00390nam a2200133Ia 4500
008 230917s9999||||xx |||||||||||||| ||und||
040 _e142055
_aMAIN
041 _aEnglish
082 _a342.7 H88H
245 0 _aHuman rights and humanitarian law: Developments in Indian and International law
260 _aDelhi
_bOxford University Press
_c2008
300 _axxxviii, 479 p.
942 _cBK
999 _c146483
_d146483